Pablo Picasso
Uloženo v:
| Hlavní autor: | |
|---|---|
| Médium: | Kniha |
| Jazyk: | španělština |
| Vydáno: |
Buenos Aires
Codex
1965
|
| Edice: | Pinacoteca de los Genios, 49-51
|
| Témata: | |
| Tagy: |
Přidat tag
Žádné tagy, Buďte první, kdo vytvoří štítek k tomuto záznamu!
|
MARC
| LEADER | 00000nam a2200000 a 4500 | ||
|---|---|---|---|
| 001 | UCM1841 | ||
| 003 | CL-VaPUC | ||
| 008 | 020412e19650000AG |||||||||||||||||spa|d | ||
| 082 | 0 | 4 | |a 759.06 |b MAR |2 21 |
| 100 | |a Martini, Alberto |e autor |9 573368 | ||
| 245 | 1 | 0 | |a Pablo Picasso |
| 300 | |a v | ||
| 942 | |c BK | ||
| 945 | |d 20020412 00:00:00 |a cmena | ||
| 260 | |a Buenos Aires |b Codex |c 1965 | ||
| 500 | |a Incluye: El juicio del siglo XX | ||
| 600 | 0 | 7 | |a PICASSO, PABLO |2 CL-VaPUC |9 265273 |
| 650 | 0 | |a Pintura moderna |9 265600 | |
| 650 | 0 | |a Obras ilustradas |9 265022 | |
| 650 | 0 | |a Pintura española |9 315217 | |
| 651 | 0 | |a España |9 254926 | |
| 583 | |a last modification |c 20020412 00:00:00 |k Rodrigo Vera | ||
| 490 | 0 | |a Pinacoteca de los Genios, 49-51 | |
| 999 | |c 300071 |d 300069 | ||
| 952 | |0 0 |1 0 |2 ddc |4 0 |6 759_060000000000000_MAR_1965 |7 0 |8 A |9 357355 |a BIBART |b BIBART |d 2019-11-21 |h v.1 |i 3807592 |o 759.06 MAR 1965 |p 3807592 |r 2025-03-13 |w 2019-11-21 |y BK |k ART | ||
| 952 | |0 0 |1 0 |2 ddc |4 0 |6 759_060000000000000_MAR_1965 |7 0 |8 A |9 357356 |a BIBART |b BIBART |d 2019-11-21 |h v.2 |i 3807606 |o 759.06 MAR 1965 |p 3807606 |r 2025-03-13 |w 2019-11-21 |y BK |k ART | ||